000 00994nmm a2200277 a 4500
001 ocm000692810
003 TR-IsHL
005 20201028132058.0
008 131028s2008 tu tur
007 cr cn
035 _a692810
_b(N$T)
050 0 4 _aDR471
_b.T87 2008
090 0 4 _aDR471
_b.T87 2008
245 1 0 _aTürk dış politikası 2: Osmanlı dönemi
_h[electronic resource] /
_cAlaeddin Yalçınkaya ...[ve öte.]; ed. Mustafa Bıyıklı
250 _a1. bs.
260 _aİstanbul :
_bGökkubbe,
_c2008
300 _a429 p.
650 4 _aPolitika ve Uluslararası İlişkiler
650 4 _aPolitics and International Relations
650 0 _aTürkiye
_x Dış ilişkiler
650 0 _aTurkey
_x Foreign relations
650 7 _aPOLITICAL SCIENCE / International Relations / General
_2bisacsh
700 1 _aYalçınkaya, Alaeddin
700 1 _aBıyıklı, Mustafa
856 4 0 _uhttp://search.ebscohost.com/login.aspx?direct=true&scope=site&db=e011xww&AN=692810
999 _c4901
_d4901